000 00685cam a2200265 4500
008 090401t1998 xxu||||| |||| 00| 0 eng d
020 _a0419241108
035 _a(Sirsi) u88290
041 _aeng
050 _a692.5
245 _aSpon`s architects` and builders` price book 1999.
250 _a124th ed.
260 _aLondon
_bE & F N Spon
_c1998
300 _axxviii,912p. ; 24cm.
350 _a75
650 _aARCHITECTS
650 _aBUILDERS
650 _aBUILT ENVIRONMENT-BUILDING COSTS
650 _aLABOUR COSTS
650 _aBUILDING PRICE BOOKS
690 _aBUILT ENVIRONMENT-BUILDING COSTS
700 _h
_xEditor
942 _n0
948 _c03/09/1998
999 _c97323
_d97323